Niektoré dôsledky nahradenia dolára eurom
Veľkosť ekonomiky Spojených Štátov Amerických a Eurozóny. Vplyv depreciácie dolára na import a export do a z USA. Zvýšenie ceny importu prostredníctvom znižovania kúpnej sily dolára. Euro a rastúce úrokové miery v eurozóne. Rozdielny dopad na jednotlivé členské krajiny EÚ.
Uložené v:
| Hlavný autor: | |
|---|---|
| Ďalší autori: | |
| Médium: | Kapitola |
| Jazyk: | Slovak |
| Predmet: | |
| Tagy: |
Žiadne tagy, Buďte prvý, kto otaguje tento záznam!
|
MARC
| LEADER | 00000nla$a2200000$$$4500 | ||
|---|---|---|---|
| 001 | 0120788 | ||
| 005 | 20240502083312.4 | ||
| 041 | 0 | |a slo | |
| 044 | |a CZ | ||
| 245 | 1 | 0 | |a Niektoré dôsledky nahradenia dolára eurom |c Boris Šturc, Libuša Čurlejová |
| 520 | |a Veľkosť ekonomiky Spojených Štátov Amerických a Eurozóny. Vplyv depreciácie dolára na import a export do a z USA. Zvýšenie ceny importu prostredníctvom znižovania kúpnej sily dolára. Euro a rastúce úrokové miery v eurozóne. Rozdielny dopad na jednotlivé členské krajiny EÚ. | ||
| 610 | 2 | 0 | |a USA |
| 610 | 2 | 0 | |a Európska únia |
| 610 | 2 | 0 | |a eurozóna |
| 610 | 2 | 0 | |a mena |
| 610 | 2 | 0 | |a stabilita meny |
| 610 | 2 | 0 | |a euro |
| 610 | 2 | 0 | |a dolár |
| 610 | 2 | 0 | |a sila kúpna peňazí |
| 610 | 2 | 0 | |a stabilita finančná |
| 610 | 2 | 0 | |a miera úroková |
| 610 | 2 | 0 | |a politika menová |
| 610 | 2 | 0 | |a riziko kurzové |
| 100 | 1 | |a Šturc, Boris, 1961- | |
| 700 | 1 | |a Čurlejová, Libuša | |